000 00423nam a2200133 4500
008 0 1988 0a 000 0ESP
020 _a84-7615-243-4
082 _a513.93 W196l
100 _aWilliams, Robert E.
245 _aLotus 1-2-3 Calculos financieros / Robert E. Williams
260 _aMadrid : Mcgrwa- Hill
300 _a196 p. / 24 cm.
650 _a1. LOTUS (PROGRAMA-COMPUTADORA) \ 2. CALCULOS FINANCIEROS
999 _c21320
_d21320